00830nam a2200241 450000500170000000800410001701000140005802000260007203500130009803500200011103700150013103700210014604000180016708200060018510000230019124500920021426000720030627000640037830000290044250000530047165000440052470000200056820090519152643.0701105s1969 ii b 000 0 eng  aENG-93594 a9788188965526c350.00 aEN-77127 aB-359996-360004 bDBAD / PUB bWomen Unlimited  adplbEnglish  aN aQurratulain Hyder  aFireflies in the mist:cby Qurratulain Hyder; introduction by Aamer Hussein ba novel / aNew Delhi bWomen Unlimited (an associate of Kali for Women) c2008 aK-36, Hauz Khas Enclave, Ground Floor, bNew Delhi e1100165 axxvii, 378p.c23cm(pbk)  aTranslated from the original Urdu by the author  aUrdu fictionvTranslation into English. aHussein, Aamer